Classifica Marcatori Premier League 2021-2022 - Statistics

Statistiche generali
  • Questo quiz è stato fatto 56 volte
  • Il punteggio medio è 15 su 19
Statistiche sulle risposte
Gol Nazione Squadra Calciatore % Corretto
18 Portogallo Manchester United Cristiano Ronaldo
100%
17 Inghilterra Tottenham Harry Kane
100%
23 Egitto Liverpool Mohamed Salah
100%
16 Senegal Liverpool Sadio Mané
100%
23 Corea del Sud Tottenham San Heung-min
100%
15 Inghilterra Leicester City Jamie Vardy
98%
15 Belgio Manchester City Kevin De Bruyne
98%
11 Algeria Manchester City Riyad Mahrez
94%
15 Portogallo Liverpool Diogo Jota
82%
13 Inghilterra Manchester City Raheem Sterling
82%
11 Finlandia Norwich City Teemu Pukki
78%
11 Inghilterra Arsenal Bukayo Saka
71%
14 Inghilterra/Costa d'Avorio Crystal Palace Wilfried Zaha
69%
11 Brasile Leeds Utd Raphinha
65%
11 Inghilterra Chelsea Mason Mount
59%
12 Inghilterra Brentford Ivan Toney
57%
11 Inghilterra Aston Villa Ollie Watkins
57%
12 Inghilterra West Ham Utd Jarrod Bowen
53%
12 Inghilterra Leicester CIty James Maddison
47%
Nessun quiz corrispondente trovato
Distribuzione punteggi
Percentuale di utenti per punteggio
Percentile per numero di risposta
I tuoi punteggi nel tempo
Non hai fatto questo quiz